000 00749cam a2200253 4500
001 M2183
008 090401t1996 xxu||||| |||| 00| 0 eng d
035 _a(Sirsi) u37012
041 _aeng
050 _a333.0062
090 _aRICS 1996/69ABC
110 _aRoyal Institution of Chartered Surveyors
_94900
245 4 _aThe Royal Institution of Chartered Surveyors members survey 1996.
260 _aLondon
_bRICS
_c1996
300 _aca.70p. ; 30cm.
350 _a10
520 _aPrepared for the RICS by Consensus Research International.
650 _aABOUT RICS-RICS MEMBERS
650 _aMEMBERS SURVEY
690 _aPROFESSIONAL PRACTICE
710 _aConsensus Research International
_91961
942 _n0
948 _c04/03/1997
999 _c90419
_d90419